000 00556nam a2200181Ia 4500
999 _c32633
_d32633
003 OSt
005 20201014113449.0
008 190216s9999||||xx |||||||||||||| ||und||
020 _a97881787955846
040 _coclc
082 _a612.044
_bRAM/B
100 _aRaman, Briz Mohan T
_95705
245 0 _aBiomechanics In Physical Education And Sports /
_cBriz Mohan T Raman
260 _bSports Publication,
_c2009.
_aNew Delhi:
300 _a278p
650 _aPhysical Education
942 _cBK
_2ddc
_h612.044
_iRAM/B
_k612.044
_mRAM/B